000 00357nam a2200121Ia 4500
008 190722s9999 xx 000 0 und d
020 _a978-93-325-5232-6
100 _aGodfrey Nolan
245 0 _aBulletproof Android (Practical Advice for Building Secure Apps)
260 _aNew Delhi
_bPearson (Indian Education) Pvt. Ltd.
_c2015
300 _a207
942 _cBK
999 _c271
_d271